<?xml version="1.0" encoding="UTF-8"?>
<record
    xmlns:xsi="http://www.w3.org/2001/XMLSchema-instance"
    xsi:schemaLocation="http://www.loc.gov/MARC21/slim http://www.loc.gov/standards/marcxml/schema/MARC21slim.xsd"
    xmlns="http://www.loc.gov/MARC21/slim">

  <leader>01892nam a2200289Ia 4500</leader>
  <datafield tag="952" ind1=" " ind2=" ">
    <subfield code="0">0</subfield>
    <subfield code="1">0</subfield>
    <subfield code="4">0</subfield>
    <subfield code="7">0</subfield>
    <subfield code="a">04</subfield>
    <subfield code="b">04</subfield>
    <subfield code="d">2007-07-10</subfield>
    <subfield code="l">1</subfield>
    <subfield code="o">QA300 A7918 2002</subfield>
    <subfield code="p">04 000897</subfield>
    <subfield code="r">2017-03-09</subfield>
    <subfield code="s">2017-03-08</subfield>
    <subfield code="t">1</subfield>
    <subfield code="w">2012-06-24</subfield>
    <subfield code="y">LB</subfield>
  </datafield>
  <datafield tag="952" ind1=" " ind2=" ">
    <subfield code="0">0</subfield>
    <subfield code="1">0</subfield>
    <subfield code="4">0</subfield>
    <subfield code="7">0</subfield>
    <subfield code="a">04</subfield>
    <subfield code="b">04</subfield>
    <subfield code="d">2007-07-10</subfield>
    <subfield code="l">2</subfield>
    <subfield code="o">QA300 A7918 2002</subfield>
    <subfield code="p">04 000898</subfield>
    <subfield code="r">2017-03-13</subfield>
    <subfield code="s">2017-03-10</subfield>
    <subfield code="t">2</subfield>
    <subfield code="w">2012-06-24</subfield>
    <subfield code="y">LB</subfield>
  </datafield>
  <datafield tag="952" ind1=" " ind2=" ">
    <subfield code="0">0</subfield>
    <subfield code="1">0</subfield>
    <subfield code="4">0</subfield>
    <subfield code="7">0</subfield>
    <subfield code="a">09</subfield>
    <subfield code="b">09</subfield>
    <subfield code="d">2007-01-23</subfield>
    <subfield code="l">0</subfield>
    <subfield code="o">QA300 A7918</subfield>
    <subfield code="p">09 000494</subfield>
    <subfield code="r">2012-06-26</subfield>
    <subfield code="t">1</subfield>
    <subfield code="w">2012-06-26</subfield>
    <subfield code="y">LB</subfield>
  </datafield>
  <datafield tag="952" ind1=" " ind2=" ">
    <subfield code="0">0</subfield>
    <subfield code="1">0</subfield>
    <subfield code="4">0</subfield>
    <subfield code="7">0</subfield>
    <subfield code="a">09</subfield>
    <subfield code="b">09</subfield>
    <subfield code="d">2007-01-23</subfield>
    <subfield code="l">0</subfield>
    <subfield code="o">QA300 A7918</subfield>
    <subfield code="p">09 000589</subfield>
    <subfield code="r">2012-06-26</subfield>
    <subfield code="t">2</subfield>
    <subfield code="w">2012-06-26</subfield>
    <subfield code="y">LB</subfield>
  </datafield>
  <datafield tag="952" ind1=" " ind2=" ">
    <subfield code="0">0</subfield>
    <subfield code="1">0</subfield>
    <subfield code="4">0</subfield>
    <subfield code="7">0</subfield>
    <subfield code="a">09</subfield>
    <subfield code="b">09</subfield>
    <subfield code="d">2007-01-23</subfield>
    <subfield code="l">0</subfield>
    <subfield code="o">QA300 A7918</subfield>
    <subfield code="p">09 000611</subfield>
    <subfield code="r">2012-06-26</subfield>
    <subfield code="t">3</subfield>
    <subfield code="w">2012-06-26</subfield>
    <subfield code="y">LB</subfield>
  </datafield>
  <datafield tag="952" ind1=" " ind2=" ">
    <subfield code="0">0</subfield>
    <subfield code="1">0</subfield>
    <subfield code="4">0</subfield>
    <subfield code="7">0</subfield>
    <subfield code="a">09</subfield>
    <subfield code="b">09</subfield>
    <subfield code="d">2007-01-23</subfield>
    <subfield code="l">1</subfield>
    <subfield code="o">QA300 A7918</subfield>
    <subfield code="p">09 000656</subfield>
    <subfield code="r">2019-09-24</subfield>
    <subfield code="s">2019-09-24</subfield>
    <subfield code="t">4</subfield>
    <subfield code="w">2012-06-26</subfield>
    <subfield code="y">LB</subfield>
  </datafield>
  <datafield tag="952" ind1=" " ind2=" ">
    <subfield code="0">0</subfield>
    <subfield code="1">0</subfield>
    <subfield code="4">0</subfield>
    <subfield code="7">0</subfield>
    <subfield code="a">22</subfield>
    <subfield code="b">22</subfield>
    <subfield code="d">2009-08-29</subfield>
    <subfield code="l">19</subfield>
    <subfield code="o">QA300 A7518 2002</subfield>
    <subfield code="p">06 000023</subfield>
    <subfield code="r">2018-07-25</subfield>
    <subfield code="s">2018-07-25</subfield>
    <subfield code="t">1</subfield>
    <subfield code="w">2012-06-26</subfield>
    <subfield code="y">LB</subfield>
  </datafield>
  <datafield tag="952" ind1=" " ind2=" ">
    <subfield code="0">0</subfield>
    <subfield code="1">0</subfield>
    <subfield code="4">0</subfield>
    <subfield code="7">0</subfield>
    <subfield code="a">07</subfield>
    <subfield code="b">07</subfield>
    <subfield code="d">2011-12-26</subfield>
    <subfield code="l">2</subfield>
    <subfield code="m">2</subfield>
    <subfield code="o">QA300 A7918 2002</subfield>
    <subfield code="p">07 002771</subfield>
    <subfield code="r">2018-10-29</subfield>
    <subfield code="s">2015-12-07</subfield>
    <subfield code="t">1</subfield>
    <subfield code="w">2012-06-26</subfield>
    <subfield code="y">LB</subfield>
  </datafield>
  <datafield tag="952" ind1=" " ind2=" ">
    <subfield code="0">0</subfield>
    <subfield code="1">0</subfield>
    <subfield code="4">0</subfield>
    <subfield code="7">0</subfield>
    <subfield code="a">15</subfield>
    <subfield code="b">15</subfield>
    <subfield code="d">2007-05-21</subfield>
    <subfield code="l">0</subfield>
    <subfield code="o">510.24658 A658M</subfield>
    <subfield code="p">15 002209</subfield>
    <subfield code="r">2017-12-07</subfield>
    <subfield code="t">1</subfield>
    <subfield code="w">2012-06-28</subfield>
    <subfield code="y">LB</subfield>
  </datafield>
  <datafield tag="952" ind1=" " ind2=" ">
    <subfield code="0">0</subfield>
    <subfield code="1">0</subfield>
    <subfield code="2">lcc</subfield>
    <subfield code="4">0</subfield>
    <subfield code="7">0</subfield>
    <subfield code="a">12</subfield>
    <subfield code="b">12</subfield>
    <subfield code="d">2015-10-14</subfield>
    <subfield code="l">0</subfield>
    <subfield code="o">QA300 A7918 2002</subfield>
    <subfield code="p">12 002421</subfield>
    <subfield code="r">2015-10-14</subfield>
    <subfield code="t">1</subfield>
    <subfield code="w">2015-10-14</subfield>
    <subfield code="y">LB</subfield>
  </datafield>
  <datafield tag="952" ind1=" " ind2=" ">
    <subfield code="0">0</subfield>
    <subfield code="1">0</subfield>
    <subfield code="2">lcc</subfield>
    <subfield code="4">0</subfield>
    <subfield code="7">0</subfield>
    <subfield code="a">03</subfield>
    <subfield code="b">03</subfield>
    <subfield code="d">2018-12-10</subfield>
    <subfield code="l">2</subfield>
    <subfield code="o">QA300 A7918 2002</subfield>
    <subfield code="p">03 003995</subfield>
    <subfield code="r">2019-03-06</subfield>
    <subfield code="s">2019-03-06</subfield>
    <subfield code="t">1</subfield>
    <subfield code="w">2018-12-10</subfield>
    <subfield code="y">LB</subfield>
  </datafield>
  <datafield tag="952" ind1=" " ind2=" ">
    <subfield code="0">0</subfield>
    <subfield code="1">0</subfield>
    <subfield code="2">lcc</subfield>
    <subfield code="4">0</subfield>
    <subfield code="7">0</subfield>
    <subfield code="a">01</subfield>
    <subfield code="b">01</subfield>
    <subfield code="d">2022-12-01</subfield>
    <subfield code="l">0</subfield>
    <subfield code="o">QA300 A7918 2002</subfield>
    <subfield code="p">16 003752</subfield>
    <subfield code="r">2023-07-13</subfield>
    <subfield code="t">1</subfield>
    <subfield code="w">2022-12-01</subfield>
    <subfield code="y">LB</subfield>
  </datafield>
  <datafield tag="999" ind1=" " ind2=" ">
    <subfield code="c">53346</subfield>
    <subfield code="d">53346</subfield>
  </datafield>
  <controlfield tag="005">20231102150500.0</controlfield>
  <controlfield tag="008">120603s2002    mx     f      000 0 spa d</controlfield>
  <datafield tag="020" ind1=" " ind2=" ">
    <subfield code="a">9684444370</subfield>
  </datafield>
  <datafield tag="050" ind1=" " ind2=" ">
    <subfield code="a">QA300</subfield>
    <subfield code="b">A7918 2002</subfield>
  </datafield>
  <datafield tag="082" ind1=" " ind2=" ">
    <subfield code="a">510.24658 </subfield>
    <subfield code="b">A658m</subfield>
  </datafield>
  <datafield tag="100" ind1=" " ind2="0">
    <subfield code="a">Arya, Jagdish C.</subfield>
    <subfield code="e">autor</subfield>
  </datafield>
  <datafield tag="240" ind1=" " ind2=" ">
    <subfield code="a">Mathematical analysis for business, economics and the life and social sciences</subfield>
    <subfield code="l">Espa&#xF1;ol </subfield>
  </datafield>
  <datafield tag="245" ind1="1" ind2="0">
    <subfield code="a">Matematicas aplicadas a la administraci&#xF3;n y a la econom&#xED;a </subfield>
    <subfield code="c"> / Jagdish C. Arya, Robin W. Lardner</subfield>
  </datafield>
  <datafield tag="250" ind1=" " ind2=" ">
    <subfield code="a">4a edici&#xF3;n</subfield>
  </datafield>
  <datafield tag="260" ind1=" " ind2=" ">
    <subfield code="a">M&#xE9;xico</subfield>
    <subfield code="b"> : Pearson Educaci&#xF3;n</subfield>
    <subfield code="c">, 2002</subfield>
  </datafield>
  <datafield tag="300" ind1=" " ind2=" ">
    <subfield code="a">xiv, 842 p&#xE1;ginas</subfield>
  </datafield>
  <datafield tag="505" ind1="0" ind2=" ">
    <subfield code="a">&#xC1;lgebra
Repaso de &#xE1;lgebra 
Ecuaciones de una variable 
Desigualdades 
L&#xED;neas rectas 
Funciones y gr&#xE1;ficas 
Logaritmos y exponenciales 
Matem&#xE1;ticas finitas 
Progresiones y matem&#xE1;ticas financieras 
&#xC1;lgebra de matrices 
Inversas y determinantes 
Progresiones y matem&#xE1;ticas financieras 
&#xC1;lgebra de matrices 
Inversas y determinantes 
Programaci&#xF3;n lineal 
C&#xE1;lculo
La derivada
C&#xE1;lculo de derivadas
Optimizaci&#xF3;n y bosquejo de curvas 
M&#xE1;s sobre derivadas 
Integraci&#xF3;n 
La integral definida
Funciones de varias variables </subfield>
  </datafield>
  <datafield tag="519" ind1=" " ind2=" ">
    <subfield code="a">Material Complementario /</subfield>
    <subfield code="b">Ingenier&#xED;a Industrial /</subfield>
    <subfield code="d">(06 000023)</subfield>
  </datafield>
  <datafield tag="519" ind1=" " ind2=" ">
    <subfield code="a">Material Complementario / </subfield>
    <subfield code="d">(04 000897, 04 000898) </subfield>
  </datafield>
  <datafield tag="519" ind1=" " ind2=" ">
    <subfield code="a">Material Complementario /</subfield>
    <subfield code="d">(03 003995)</subfield>
  </datafield>
  <datafield tag="520" ind1=" " ind2=" ">
    <subfield code="a">Resumen del libro:

La orientaci&#xF3;n principal del libro es hacia aplicaciones en la administraci&#xF3;n y la econom&#xED;a, aunque en esta edici&#xF3;n se incluyen una significativa cantidad de ejercicios y aplicaciones concernientes a diversas &#xE1;reas de las ciencias sociales y biol&#xF3;gicas, lo cual ampl&#xED;a la utilidad del texto.</subfield>
  </datafield>
  <datafield tag="650" ind1="1" ind2="4">
    <subfield code="a">AN&#xC1;LISIS MATEM&#xC1;TICO </subfield>
  </datafield>
  <datafield tag="650" ind1="1" ind2="4">
    <subfield code="a">ECONOM&#xCD;A MATEM&#xC1;TICA</subfield>
  </datafield>
  <datafield tag="700" ind1=" " ind2=" ">
    <subfield code="a">Lardner, Robin W.</subfield>
    <subfield code="e">autor </subfield>
  </datafield>
  <datafield tag="700" ind1=" " ind2=" ">
    <subfield code="a">Ibarra Mercado, V&#xED;ctor Hugo</subfield>
    <subfield code="e">traductor</subfield>
  </datafield>
  <datafield tag="942" ind1=" " ind2=" ">
    <subfield code="2">lcc</subfield>
    <subfield code="c">LB</subfield>
  </datafield>
</record>
